Central Library OPAC University of Rajshahi

Simultaneous estimations of population growth : (Record no. 47403)

MARC details
000 -LEADER
fixed length control field 00919nam a2200241 a 4500
001 - CONTROL NUMBER
control field 47403
003 - CONTROL NUMBER IDENTIFIER
rucl marc code BD-RjUL
005 - DATE AND TIME OF LATEST TRANSACTION
control field 20211209054316.0
008 - FIXED-LENGTH DATA ELEMENTS--GENERAL INFORMATION
fixed length control field 190420s1963 pk a |s f000 0 eng
035 ## - SYSTEM CONTROL NUMBER
System control number (BD-RjUL)47522
040 ## - CATALOGING SOURCE
Original cataloging agency BD-RjUL
Transcribing agency BD-RjUL
Modifying agency BD-RjUL
Language of cataloging eng
041 ## - LANGUAGE CODE
Language code of text/sound track or separate title eng
082 ## - DEWEY DECIMAL CLASSIFICATION NUMBER
Edition number 23
Classification number 304.6209549
Author mark and year AHS 1963
100 1# - MAIN ENTRY--PERSONAL NAME
Personal name Ahmed, Nazir
9 (RLIN) 230950
245 10 - TITLE STATEMENT
Title Simultaneous estimations of population growth :
Remainder of title The Pakistan experiment /
Statement of responsibility, etc. by Nazir Ahmed and Karol J. Krotki
260 ## - PUBLICATION, DISTRIBUTION, ETC. (IMPRINT)
Place of publication, distribution, etc. Karachi:
Name of publisher, distributor, etc. Feroasons Ltd.,
Date of publication, distribution, etc. [1963 ?]
300 ## - PHYSICAL DESCRIPTION
Pagination 37-65 p. :
Illustrations Ill. ;
Size 25 cm.
500 ## - GENERAL NOTE
General note "Cover Title"
General note " Reprint from : The Pakistan Development Review : Quarterly journal of the Institute of Development Economics, Karachi (Pakistan). Volume III-Spring 1963-Number 1 "
650 ## - SUBJECT ADDED ENTRY--TOPICAL TERM
Topical term or geographic name as entry element Population Growth
General subdivision Pakistan
9 (RLIN) 230952
700 ## - ADDED ENTRY--PERSONAL NAME
Personal name Krotki, Karol J. , jt. auth.
942 ## - ADDED ENTRY ELEMENTS (KOHA)
Source of classification or shelving scheme Dewey Decimal Classification
Koha item type Rare Books
Holdings
Lost status Source of classification or shelving scheme Damaged status Not for loan Collection code Permanent Location Current Location Shelving location Date acquired Source of acquisition Total Checkouts Full call number Date last seen Copy number Koha item type
  Dewey Decimal Classification   Not For Loan Rare Books Central Library, University of Rajshahi Central Library, University of Rajshahi Rare Book Section 28/05/1963 Govt. of Pakistan   RA 304.6209549 AHS 1963 21/04/2019 C-1 Rare Books